000 00549nam a2200193Ia 4500
999 _c14954
_d14954
003 OSt
005 20201116095058.0
008 190216s9999||||xx |||||||||||||| ||und||
020 _a8121920922
040 _coclc
082 _a428.0076
_bBHA/P
100 _aBhatia, Pravin S R
_96503
245 0 _aProfessional Communication Skills /
_cPravin S R Bhatia
250 _a3rd Ed.
260 _bS Chand & Co,
_c2005.
_aNew delhi:
300 _a249p
650 _aEnglish
942 _cBK
_2ddc
_h428.0076
_iBHA/P
_k428.0076
_mBHA/P